A Brief introduction to fluid mechanics / (Record no. 6833)
[ view plain ]
| 000 -LEADER | |
|---|---|
| fixed length control field | 00816cam a22002412 4500 |
| 001 - CONTROL NUMBER | |
| control field | 0000005072 |
| 005 - DATE AND TIME OF LATEST TRANSACTION | |
| control field | 20151217151951.0 |
| 008 - FIXED-LENGTH DATA ELEMENTS--GENERAL INFORMATION | |
| fixed length control field | 070606s xx 000 0 eng d |
| 020 ## - INTERNATIONAL STANDARD BOOK NUMBER | |
| International Standard Book Number | 0471362433 : |
| 040 ## - CATALOGING SOURCE | |
| Original cataloging agency | KABU |
| Transcribing agency | KABU |
| 050 #0 - LIBRARY OF CONGRESS CALL NUMBER | |
| Classification number | TA357 |
| Item number | .Y68 2001 |
| 100 1# - MAIN ENTRY--PERSONAL NAME | |
| Personal name | Young, Donald F. |
| -- | 0000156145 |
| 245 12 - TITLE STATEMENT | |
| Title | A Brief introduction to fluid mechanics / |
| Statement of responsibility, etc. | Donald F. Young, Bruce R. Muson, Theodore H. Okiishi. |
| 250 ## - EDITION STATEMENT | |
| Edition statement | 2nd ed. |
| 260 ## - PUBLICATION, DISTRIBUTION, ETC. (IMPRINT) | |
| Place of publication, distribution, etc. | New York : |
| Name of publisher, distributor, etc. | John Wiley & Sons, |
| Date of publication, distribution, etc. | c2001. |
| 300 ## - PHYSICAL DESCRIPTION | |
| Extent | xv, 517 p. : |
| Other physical details | ill. ; |
| Dimensions | 24 cm + |
| Accompanying material | 1 computer laser optical disc (4 3/4 in.) |
| 650 #0 - SUBJECT ADDED ENTRY--TOPICAL TERM | |
| Topical term or geographic name as entry element | Fluid mechanics. |
| -- | 0000154732 |
| 700 1# - ADDED ENTRY--PERSONAL NAME | |
| Personal name | Munson, Bruce R. |
| -- | 0000156146 |
| 700 1# - ADDED ENTRY--PERSONAL NAME | |
| Personal name | Okiishi, Theodore H. |
| -- | 0000156147 |
| 908 ## - PUT COMMAND PARAMETER (RLIN) | |
| Put command parameter | 070606 |
| 950 ## - LOCAL HOLDINGS (RLIN) | |
| -- | 1 |
| Withdrawn status | Lost status | Source of classification or shelving scheme | Not for loan | Home library | Current library | Date acquired | Total Checkouts | Full call number | Barcode | Date last seen | Price effective from | Koha item type |
|---|---|---|---|---|---|---|---|---|---|---|---|---|
| Library of Congress Classification | Kabarak, Main Campus | Kabarak, Main Campus | 17/12/2015 | TA357 .Y68 2001 | 009404 | 17/12/2015 | 17/12/2015 | General Collection |